Textbook of Practical Physiology / (رقم التسجيلة. 42589)
[ عرض عادي ]
| 000 -الفاتح | |
|---|---|
| حقل البيانات ثابتة الطول | 00752nam a2200253Ia 4500 |
| 003 - محدد رقم الضبط | |
| رقم الضبط | OSt |
| 005 - وقت وتاريخ اخر تعامل مع التسجيلة | |
| رقم الضبط | 20180816142351.0 |
| 008 - عناصر البيانات ثابتة الطول - معلومات عامة | |
| حقل البيانات ثابتة الطول | 850422s2010 enka 001 0 eng d |
| 020 ## - الرقم الدولى المعيارى للكتب | |
| الرقم الدولى المعيارى للكتاب | 9788173716713 |
| 040 ## - مصدر الفهرسة | |
| وكالة الفهرسة الأصلية | Mu_ed |
| وكالة النسخ | EUW |
| لغة الفهرسة | eng |
| 082 ## - رقم تصنيف ديوى العشرى | |
| رقم الطبعة | 21 |
| رقم التصنيف | 612 |
| رقم المادة | PGT |
| 096 ## - رقم استدعاء المكتبة الطبية الوطنية المحلى | |
| رقم التصنيف | QT4 |
| رقم المادة | 1905 |
| تسجيل لاحق | B39p |
| 100 1# - المدخل الرئيسى - إسم شخصى | |
| الإسم الشخصى | Pal, G K |
| 9 (RLIN) | 64197 |
| 245 00 - بيان العنوان | |
| العنوان | Textbook of Practical Physiology / |
| بيان المسئوليه,etc | G K Pal, Pravati PaL. |
| 250 ## - بيان الطبعة | |
| بيان الطبعة | 3rd ed |
| 260 ## - PUBLICATION, DISTRIBUTION, ETC. (IMPRINT) | |
| مكان الناشر او الموزع | New Delhi: |
| اسم الناشر او الموزع | Universities Press , |
| تاريخ النشر أو التوزيع | 2010 |
| 300 ## - الوصف المادى | |
| التعداد | xiv, 436 p. : |
| تفاصيل ماديه اخرى للوعاء | ill. ; |
| أبعاد الوعاء | 28 cm |
| 500 ## - تبصرة عامة | |
| تبصرة عامة | Includes index |
| 650 #2 - المدخل الاضافى بالموضوع-مصطلح موضوعى | |
| مصطلح موضوعي أو اسم جغرافي كعنصر مدخل | Physiology |
| التقسيم الفرعي العام | laboratory manuals |
| 9 (RLIN) | 64198 |
| 650 #0 - المدخل الاضافى بالموضوع-مصطلح موضوعى | |
| مصطلح موضوعي أو اسم جغرافي كعنصر مدخل | Physiology |
| التقسيم الفرعي العام | Laboratory manuals |
| 9 (RLIN) | 64199 |
| 650 #0 - المدخل الاضافى بالموضوع-مصطلح موضوعى | |
| مصطلح موضوعي أو اسم جغرافي كعنصر مدخل | Physiology, Experimental |
| 9 (RLIN) | 10609 |
| 700 ## - المدخل الاضافى - اسم شخصى | |
| الإسم الشخصى | PaL, Pravati |
| 9 (RLIN) | 64200 |
| 942 ## - عناصر المدخل الإضافي( كوها) | |
| Koha [default] item type | كتاب |
| حالة الفقد | نموذج السعر الفعال | حالة تلف | ليس للاعارة | رقم الطلب | تاريخ الاكتساب | الموقع الحالي | الباركود | الفرع الرئيسي | Date last seen | نوع المادة فى نظام كوها | مصدر التصنيف او خطة الترفيف | Total Checkouts | Date last checked out |
|---|---|---|---|---|---|---|---|---|---|---|---|---|---|
| 2018-08-16 | 612 PGT | 2018-08-16 | المكتبة المركزية بالمجمعة (CL) | 00656866 | المكتبة المركزية بالمجمعة (CL) | 2018-08-16 | كتاب | Dewey Decimal Classification | |||||
| 2018-08-16 | 612 PGT | 2018-08-16 | المكتبة المركزية بالمجمعة (CL) | 00656867 | المكتبة المركزية بالمجمعة (CL) | 2018-08-16 | كتاب | Dewey Decimal Classification | |||||
| 2018-08-16 | 612 PGT | 2018-08-16 | المكتبة المركزية بالمجمعة (CL) | 00656868 | المكتبة المركزية بالمجمعة (CL) | 2018-08-16 | كتاب | Dewey Decimal Classification | |||||
| 2018-08-18 | 612 PGT | 2018-08-18 | مكتبة كلية العلوم الطبية التطبيقية بالمجمعة - طالبات (AMF) | 00657324 | مكتبة كلية العلوم الطبية التطبيقية بالمجمعة - طالبات (AMF) | 2018-08-18 | كتاب | Dewey Decimal Classification | |||||
| 2018-08-18 | 612 PGT | 2018-08-18 | مكتبة كلية العلوم الطبية التطبيقية بالمجمعة - طالبات (AMF) | 00657325 | مكتبة كلية العلوم الطبية التطبيقية بالمجمعة - طالبات (AMF) | 2023-06-08 | كتاب | Dewey Decimal Classification | 1 | 2022-11-01 |
